Члены НАТО - Statistics

General Stats
  • This quiz has been taken 16 times
  • The average score is 27 of 31
Answer Stats
Страна % Correct
США
100%
Турция
100%
Болгария
90%
Великобритания
90%
Германия
90%
Греция
90%
Дания
90%
Испания
90%
Италия
90%
Канада
90%
Латвия
90%
Литва
90%
Нидерланды
90%
Польша
90%
Португалия
90%
Румыния
90%
Финляндия
90%
Франция
90%
Черногория
90%
Чехия
90%
Швеция
90%
Эстония
90%
Бельгия
80%
Исландия
80%
Норвегия
80%
Северная Македония
80%
Словакия
80%
Словения
80%
Албания
70%
Венгрия
70%
Хорватия
70%
No matching quizzes found
Score Distribution
Percent of People with Each Score
Percentile by Number Answered
Your Score History
You have not taken this quiz